000 00357 a2200169 4500
001 44655
020 _a8532245617
040 _cAnchieta - Aquarius
100 _aGrisolia, Dulcy
240 1 0 _a#João e Maria
_lpor
245 1 0 _a#João e Maria
300 _a24
362 0 _a2001
440 1 _aFTD
650 4 _aLiteratura infanto-juvenil
942 _cBK
999 _c44655
_d44655